[Event "Aragon-chT Preferente Gr II"]
[Site "Aragon"]
[Date "2022.03.12"]
[Round "7.58"]
[White "Sig Vargas, Pablo"]
[Black "Arrieta Restrepo, Steven"]
[Result "1/2-1/2"]
[WhiteElo "1897"]
[BlackElo "2031"]
[PlyCount "69"]
[EventDate "2022.01.29"]
[EventType "team-tourn"]
[EventRounds "9"]
[EventCountry "ESP"]
[SourceTitle "EXT 2024"]
[Source "ChessBase"]
[SourceDate "2023.10.10"]
[SourceVersion "1"]
[SourceVersionDate "2023.10.10"]
[SourceQuality "1"]
[WhiteTeam "Enroque Barbastro"]
[BlackTeam "Monzon"]
[WhiteTeamCountry "ESP"]
[BlackTeamCountry "ESP"]

1. b4 Nf6 2. Bb2 e6 3. b5 d5 4. Nf3 Be7 5. d3 0-0 6. g3 b6 7. Bg2 a6 8. a4 Bb7 9. 0-0 Nbd7 10. Nbd2 Nc5 11. Ne5 axb5 12. axb5 Rxa1 13. Qxa1 Qa8 14. Ndf3 Na4 15. Ba3 Bd6 16. h3 Qa5 17. Bxd6 cxd6 18. Nc6 Qxb5 19. Nfd4 Qa6 20. Qa3 Nc5 21. Qxa6 Bxa6 22. Rb1 Nfd7 23. h4 Re8 24. Nb4 Rc8 25. Ra1 Nb8 26. Rb1 Bb7 27. Nb5 Rd8 28. Kf1 Kf8 29. Ke1 Ke7 30. Kd2 Rd7 31. h5 Nba6 32. Nxa6 Bxa6 33. Nd4 b5 34. Nxb5 Bxb5 35. Rxb5 1/2-1/2

[Event "Aragon-chT Honor Descenso"]
[Site "Aragon"]
[Date "2021.05.29"]
[Round "9.28"]
[White "Arrieta Restrepo, Steven"]
[Black "Dominguez Bujeda, Jesus"]
[Result "1/2-1/2"]
[WhiteElo "2052"]
[BlackElo "2086"]
[PlyCount "70"]
[EventDate "2021.05.15"]
[EventType "team-tourn"]
[EventRounds "10"]
[EventCountry "ESP"]
[SourceTitle "EXT 2024"]
[Source "ChessBase"]
[SourceDate "2023.10.10"]
[SourceVersion "1"]
[SourceVersionDate "2023.10.10"]
[SourceQuality "1"]
[WhiteTeam "Monzon"]
[BlackTeam "Teruel"]
[WhiteTeamCountry "ESP"]
[BlackTeamCountry "ESP"]

1. e4 c5 2. Nc3 g6 3. Bc4 Nc6 4. d3 Bg7 5. f4 e6 6. Nf3 Nge7 7. a3 0-0 8. 0-0 d5 9. Ba2 Nd4 10. Nxd4 cxd4 11. Ne2 dxe4 12. dxe4 Nc6 13. Qd3 Qb6 14. b4 e5 15. fxe5 Nxe5 16. Qg3 Be6 17. Bxe6 fxe6 18. Rxf8+ Rxf8 19. Bb2 Nc4 20. Bc1 e5 21. Qd3 Nd6 22. c4 dxc3+ 23. Be3 Qc6 24. Nxc3 a6 25. Rc1 Rd8 26. Nd5 Qe8 27. Rd1 Qf7 28. Bb6 Rd7 29. Bc5 Bf8 30. Rf1 Qe6 31. Nb6 Rf7 32. Bxd6 Rxf1+ 33. Kxf1 Bxd6 34. Qd5 Qxd5 35. Nxd5 Kf7 1/2-1/2

[Event "Aragon-chT Honor Gr II"]
[Site "Aragon"]
[Date "2021.05.08"]
[Round "7.5"]
[White "Adla, Diego Gustavo"]
[Black "Arrieta Restrepo, Steven"]
[Result "1-0"]
[WhiteElo "2425"]
[BlackElo "2052"]
[PlyCount "59"]
[EventDate "2021.03.13"]
[EventType "team-tourn"]
[EventRounds "7"]
[EventCountry "ESP"]
[SourceTitle "EXT 2024"]
[Source "ChessBase"]
[SourceDate "2023.10.10"]
[SourceVersion "1"]
[SourceVersionDate "2023.10.10"]
[SourceQuality "1"]
[WhiteTeam "Casablanca MyInvestor"]
[BlackTeam "Monzon"]
[WhiteTeamCountry "ESP"]
[BlackTeamCountry "ESP"]

1. Nf3 Nf6 2. c4 e6 3. g3 b6 4. Bg2 Bb7 5. 0-0 c5 6. Nc3 Be7 7. Re1 d6 8. e4 0-0 9. d4 cxd4 10. Nxd4 Qc8 11. Be3 Nc6 12. Rc1 Rd8 13. Nd5 Qd7 14. Nxe7+ Qxe7 15. Nb5 Rd7 16. b3 h6 17. h3 Rc8 18. f4 Qd8 19. Kh2 a6 20. Nc3 d5 21. cxd5 exd5 22. Nxd5 Nxd5 23. exd5 Nb4 24. Rxc8 Qxc8 25. Bd4 f5 26. Qh5 Rf7 27. Qg6 Qf8 28. Qe6 Kh7 29. Re2 b5 30. Bc5 1-0

[Event "Aragon-chT Honor Gr II"]
[Site "Aragon"]
[Date "2021.04.17"]
[Round "5.20"]
[White "Arrieta Restrepo, Steven"]
[Black "Cerrajeria Ruiz, Jesus Maria"]
[Result "1-0"]
[WhiteElo "2052"]
[BlackElo "2125"]
[PlyCount "83"]
[EventDate "2021.03.13"]
[EventType "team-tourn"]
[EventRounds "7"]
[EventCountry "ESP"]
[SourceTitle "EXT 2024"]
[Source "ChessBase"]
[SourceDate "2023.10.10"]
[SourceVersion "1"]
[SourceVersionDate "2023.10.10"]
[SourceQuality "1"]
[WhiteTeam "Monzon"]
[BlackTeam "Helios"]
[WhiteTeamCountry "ESP"]
[BlackTeamCountry "ESP"]

1. e4 c5 2. Nc3 Nc6 3. Bb5 a6 4. Bxc6 bxc6 5. d3 d5 6. f4 Nf6 7. Qe2 Bg4 8. Nf3 d4 9. Nb1 e6 10. 0-0 Be7 11. Nbd2 0-0 12. b3 Bxf3 13. Qxf3 Qc7 14. Nc4 a5 15. a4 Nd7 16. Bd2 f5 17. Rae1 Bh4 18. g3 Bf6 19. exf5 exf5 20. Re6 Ra6 21. Rfe1 Rfa8 22. h3 Nf8 23. R6e2 g6 24. g4 Bh4 25. Rf1 fxg4 26. Qxg4 Bd8 27. f5 Qg7 28. fxg6 hxg6 29. Nd6 R6a7 30. Rxf8+ Qxf8 31. Re8 Bf6 32. Rxf8+ Rxf8 33. Ne4 Rh7 34. Qe6+ Kg7 35. Bf4 Bd8 36. Bd6 Rf7 37. Bxc5 Kh6 38. Bxd4 Rf3 39. Kg2 Rhf7 40. Be3+ Kg7 41. Qe5+ Kh7 42. Bd4 1-0

[Event "Aragon-chT Honor Gr-II"]
[Site "Aragon"]
[Date "2020.02.08"]
[Round "3.10"]
[White "Arrieta Restrepo, Steven"]
[Black "Romero Pallares, Daniel"]
[Result "1/2-1/2"]
[WhiteElo "2051"]
[BlackElo "2184"]
[PlyCount "98"]
[EventDate "2020.01.25"]
[EventType "team-tourn"]
[EventRounds "7"]
[EventCountry "ESP"]
[SourceTitle "EXT 2022"]
[Source "ChessBase"]
[SourceDate "2021.10.06"]
[SourceVersion "1"]
[SourceVersionDate "2021.10.06"]
[SourceQuality "1"]
[WhiteTeam "Monzon"]
[BlackTeam "Palacio de Pioneros"]
[WhiteTeamCountry "ESP"]
[BlackTeamCountry "ESP"]

1. e4 g6 2. d4 Bg7 3. Nc3 c6 4. Bc4 d6 5. Nf3 Nf6 6. Bb3 Bg4 7. 0-0 Nbd7 8. h3 Bxf3 9. Qxf3 0-0 10. Be3 e5 11. dxe5 dxe5 12. a4 a5 13. Rfd1 Qe7 14. Qe2 Nc5 15. Qc4 Ne6 16. Ne2 Nh5 17. c3 Bf6 18. f3 Bg5 19. Bf2 Bh6 20. Qd3 Rad8 21. Qc2 Nef4 22. Nxf4 Nxf4 23. Bb6 Rxd1+ 24. Rxd1 Qg5 25. Kh2 Nh5 26. Bf2 Rd8 27. g3 Bf8 28. Rxd8 Qxd8 29. Qd1 Qc7 30. Qd3 Ng7 31. Be3 h5 32. h4 Bd6 33. Kg2 Qe7 34. Bg5 Qf8 35. Qd2 Ne8 36. Bd8 Kg7 37. Bxa5 Qe7 38. Bb4 Bxb4 39. cxb4 Nc7 40. Qc3 Kg8 41. Bc4 Qd6 42. b3 Ne6 43. Bxe6 Qxe6 44. Qd3 Qe7 45. b5 Qc5 46. bxc6 Qxc6 47. Qc4 Qd7 48. Qd5 Qc7 49. Qc4 Qd7 1/2-1/2

[Event "Aragon-chT Preferente Ascenso"]
[Site "Aragon"]
[Date "2019.03.30"]
[Round "10.27"]
[White "Arrieta Restrepo, Steven"]
[Black "Ruiperez Gumiel, Ramon"]
[Result "1-0"]
[WhiteElo "1949"]
[BlackElo "1873"]
[PlyCount "85"]
[EventDate "2019.03.30"]
[EventType "team-match"]
[EventRounds "10"]
[EventCountry "ESP"]
[SourceTitle "EXT 2020"]
[Source "ChessBase"]
[SourceDate "2019.10.17"]
[SourceVersion "1"]
[SourceVersionDate "2019.10.17"]
[SourceQuality "1"]
[WhiteTeam "Monzon"]
[BlackTeam "Marcos Frechin"]
[WhiteTeamCountry "ESP"]
[BlackTeamCountry "ESP"]

1. e4 c5 2. Nf3 a6 3. d4 cxd4 4. Nxd4 e5 5. Nb3 Nf6 6. Nc3 Be7 7. g3 Nc6 8. Bg2 d6 9. h3 Be6 10. 0-0 Rc8 11. Be3 Na5 12. Nxa5 Qxa5 13. Qd2 Qc7 14. Rfc1 0-0 15. Nd5 Bxd5 16. exd5 Nd7 17. c4 b6 18. b4 Qd8 19. Rc2 f5 20. f4 exf4 21. gxf4 Rf6 22. Bd4 Rg6 23. Qe3 Bf6 24. Re1 Bxd4 25. Qxd4 Qh4 26. Re3 Nf6 27. c5 bxc5 28. bxc5 dxc5 29. Rxc5 Rb8 30. Rc1 Ne4 31. Rf3 Rd8 32. Qe5 Nd6 33. Rc7 Re8 34. Qb2 Re1+ 35. Kh2 h6 36. Rc6 Kh7 37. Qf2 Qe7 38. Qc5 Re2 39. Rf2 Rxg2+ 40. Kxg2 Rxf2+ 41. Qxf2 Qe4+ 42. Kg3 Qxd5 43. Qc5 1-0

[Event "Aragon-chT Preferente Gr-II"]
[Site "Aragon"]
[Date "2019.03.02"]
[Round "6.71"]
[White "Arrieta Restrepo, Steven"]
[Black "Buil Rello, Jose Antonio"]
[Result "1-0"]
[WhiteElo "1949"]
[BlackElo "1761"]
[PlyCount "111"]
[EventDate "2019.01.26"]
[EventType "team-tourn"]
[EventRounds "9"]
[EventCountry "ESP"]
[SourceTitle "EXT 2020"]
[Source "ChessBase"]
[SourceDate "2019.10.17"]
[SourceVersion "1"]
[SourceVersionDate "2019.10.17"]
[SourceQuality "1"]
[WhiteTeam "Monzon"]
[BlackTeam "Jaime Casas II"]
[WhiteTeamCountry "ESP"]
[BlackTeamCountry "ESP"]

1. e4 c5 2. Nf3 e6 3. Nc3 a6 4. d4 cxd4 5. Nxd4 Qc7 6. a3 b5 7. g3 Bb7 8. Bg2 Nc6 9. 0-0 Nxd4 10. Qxd4 Qc5 11. Qd3 d6 12. Bf4 Be7 13. Rad1 Rd8 14. Be3 Qc7 15. Qe2 Nf6 16. f4 0-0 17. h3 d5 18. e5 Ne4 19. Nxe4 dxe4 20. Bf2 Rc8 21. c3 Bd5 22. Bxe4 Bc4 23. Bd3 Bd5 24. Rfe1 g6 25. a4 Rfd8 26. Bd4 Qc6 27. Be4 Bc5 28. Bxd5 Rxd5 29. Bxc5 Qxc5+ 30. Qf2 Qxf2+ 31. Kxf2 Kf8 32. Rxd5 exd5 33. Rd1 Rc5 34. Ke3 Ke7 35. Kd4 Rc8 36. g4 f6 37. Rf1 Rd8 38. f5 fxe5+ 39. Kxe5 Rc8 40. f6+ Kf7 41. g5 Rc4 42. Rf4 Rc8 43. Kxd5 Rd8+ 44. Kc6 Rd2 45. Kb6 Rxb2 46. Kxa6 Rb3 47. Rf3 Kf8 48. Ka5 Kf7 49. axb5 Rb2 50. Re3 Kg8 51. Re7 Rc2 52. Rg7+ Kh8 53. Rc7 Kg8 54. Rc4 Kf8 55. Ka6 Rh2 56. h4 1-0

[Event "Huesca Province-ch"]
[Site "Sabinanigo"]
[Date "2016.11.12"]
[Round "5"]
[White "Garreta Nieto, Maria"]
[Black "Arrieta Restrepo, Steven"]
[Result "1-0"]
[WhiteElo "1681"]
[BlackElo "1579"]
[PlyCount "163"]
[EventDate "2016.10.15"]
[EventType "swiss"]
[EventRounds "7"]
[EventCountry "ESP"]
[SourceTitle "EXT 2018"]
[Source "ChessBase"]
[SourceDate "2017.10.13"]
[SourceVersion "1"]
[SourceVersionDate "2017.10.13"]
[SourceQuality "1"]

1. d4 d5 2. Nf3 c6 3. Bf4 e6 4. e3 Nd7 5. Nbd2 Ngf6 6. Bd3 Be7 7. 0-0 b6 8. c4 0-0 9. Rc1 Bb7 10. a3 Nh5 11. Bg3 Nxg3 12. hxg3 f5 13. b4 Nf6 14. Ne5 Rc8 15. Qa4 a6 16. cxd5 b5 17. Qd1 cxd5 18. Nb3 Qb6 19. Nc5 Bxc5 20. Rxc5 Rxc5 21. bxc5 Qc7 22. Qb3 Bc6 23. Rb1 Ne4 24. Bxe4 fxe4 25. Qb4 a5 26. Qc3 Ra8 27. Qb3 Rb8 28. Qd1 Rf8 29. Qe1 Ra8 30. Qe2 Rb8 31. Qg4 Re8 32. Qf4 Rf8 33. Qg4 Re8 34. Kh1 Kh8 35. Qf4 Rc8 36. Nxc6 Qxc6 37. Qd6 Qe8 38. Qb6 Rb8 39. Qxa5 Qh5+ 40. Kg1 Qe2 41. Qb4 Rf8 42. Qb2 Qd3 43. Qxb5 Qxa3 44. Qd7 Qd3 45. Rf1 Qa6 46. c6 Qc8 47. Rb1 h6 48. Rb7 Rg8 49. Qc7 Qa8 50. Ra7 Qe8 51. Qd6 Qh5 52. Ra1 Qf7 53. c7 Rf8 54. Rf1 Kh7 55. Qc6 Rc8 56. Rc1 Qe7 57. Qb7 Qd7 58. Rc6 Kg6 59. Rd6 Qxc7 60. Qxc7 Rxc7 61. Rxe6+ Kf7 62. Rd6 Rc1+ 63. Kh2 Rf1 64. Rxd5 Rxf2 65. Re5 Kf6 66. Rxe4 g5 67. g4 Rd2 68. Kg3 Rd3 69. Kf3 Rd1 70. Re8 Kf7 71. Ra8 Rd2 72. Ra6 Kg7 73. g3 Rd1 74. Ra2 Rf1+ 75. Rf2 Rd1 76. Ke4 Ra1 77. Ke5 Ra3 78. Rf3 Ra4 79. e4 Ra8 80. d5 Re8+ 81. Kd4 Kg6 82. d6 1-0